Normal view
MARC view
- Lange, Andre
Entry Personal Name
001 - CONTROL NUMBER
- control field: 106329
003 - CONTROL NUMBER IDENTIFIER
- control field: NUST
005 - DATE AND TIME OF LATEST TRANSACTION
- control field: 20221229115405.0
008 - FIXED-LENGTH DATA ELEMENTS
- fixed length control field: 221229|| aca||aabn | a|a d
040 ## - CATALOGING SOURCE
- Original cataloging agency: NUST
- Transcribing agency: NUST
100 ## - HEADING--PERSONAL NAME
- Personal name: Lange, Andre
670 ## - SOURCE DATA FOUND
- Source citation: Work cat.: (NUST)196744: Lange, Andre., Treatise on cryptography /, c1981.
